| 000 | 00781cab a2200277 4500 | ||
|---|---|---|---|
| 001 | ABS49574 | ||
| 008 | 090401t xxu||||| |||| 00| 0 eng d | ||
| 035 | _a(Sirsi) u71840 | ||
| 041 | _aeng | ||
| 245 | _aAlternative land use | ||
| 260 | _c7(12) October 1993(8) | ||
| 300 | _aLOAN | ||
| 350 | _a0 | ||
| 490 |
_aFarm Development Review _v7(12) October 1993(8) |
||
| 520 | _aCovers the Organic Aid Scheme, developing a farm shop, the Countryside Access Scheme and the Mercury wayleave agreement. | ||
| 650 | _aACCESS TO THE COUNTRYSIDE | ||
| 650 | _aCOPPICING | ||
| 650 | _aENERGY CROPS | ||
| 650 | _aFARM SHOPS | ||
| 650 | _aORGANIC FARMING | ||
| 650 | _aRENEWABLE ENERGY | ||
| 650 | _aWAYLEAVES | ||
| 690 | _aRURAL PRACTICE | ||
| 942 | _n0 | ||
| 948 | _c04/03/1997 | ||
| 999 |
_c45318 _d45318 |
||